[Event "FRA-chT Top 16 Gp Basse"]
[Site "Chartres"]
[Date "2022.06.17"]
[Round "2.4"]
[White "Lazarev, Vladimir"]
[Black "Marzolo, Cyril"]
[Result "1/2-1/2"]
[WhiteElo "2491"]
[BlackElo "2378"]
[PlyCount "34"]
[EventDate "2022.06.16"]
[EventType "team-tourn"]
[EventRounds "4"]
[EventCountry "FRA"]
[SourceTitle "CBM 208 Extra"]
[Source "ChessBase"]
[SourceDate "2022.07.31"]
[SourceVersion "1"]
[SourceVersionDate "2022.07.31"]
[SourceQuality "1"]
[WhiteTeam "Metz Fischer"]
[BlackTeam "Lyon"]
[WhiteTeamCountry "FRA"]
[BlackTeamCountry "FRA"]

1. d4 Nf6 2. c4 e6 3. Nc3 Bb4 4. Qc2 d5 5. a3 Bxc3+ 6. Qxc3 0-0 7. Nf3 b6 8. Bg5 dxc4 9. Qxc4 Ba6 10. Qc2 Nbd7 11. e4 Bxf1 12. Rxf1 h6 13. Bh4 Qc8 14. 0-0-0 Qb7 15. Rfe1 c5 16. d5 exd5 17. exd5 Rfe8 1/2-1/2

[Event "Lyon rapid prelim"]
[Site "Lyon"]
[Date "2019.06.23"]
[Round "1"]
[White "Marzolo, Cyril"]
[Black "Milojevic Daim, Lola Shaina"]
[Result "1-0"]
[WhiteElo "2419"]
[BlackElo "1642"]
[PlyCount "61"]
[EventDate "2019.06.23"]
[EventType "swiss (rapid)"]
[EventRounds "9"]
[EventCountry "FRA"]
[SourceTitle "CBM 191 Extra"]
[Source "ChessBase"]
[SourceDate "2019.09.30"]
[SourceVersion "1"]
[SourceVersionDate "2019.09.30"]
[SourceQuality "1"]

1. d4 Nf6 2. c4 g6 3. Nc3 Bg7 4. e4 d6 5. f3 0-0 6. Bg5 Nc6 7. Nge2 h6 8. Be3 e5 9. d5 Ne7 10. Qd2 Kh7 11. h4 Nd7 12. h5 g5 13. g4 Nf6 14. Ng3 c6 15. Be2 Qc7 16. 0-0 Bd7 17. b4 a6 18. c5 cxd5 19. exd5 Rac8 20. Nge4 Ne8 21. Rac1 f5 22. cxd6 Nxd6 23. Nc5 Qd8 24. Rfd1 Rc7 25. Ne6 Bxe6 26. dxe6 f4 27. Bc5 Nf7 28. Qc2+ Kg8 29. exf7+ Kxf7 30. Bc4+ Kf6 31. Ne4# 1-0

[Event "Lyon cup"]
[Site "Lyon"]
[Date "2015.09.26"]
[Round "5.1"]
[White "Brailly Vignal, Bastien"]
[Black "Marzolo, Cyril"]
[Result "1/2-1/2"]
[WhiteElo "2284"]
[BlackElo "2397"]
[PlyCount "26"]
[EventDate "2015.09.24"]
[EventType "swiss"]
[EventRounds "7"]
[EventCountry "FRA"]
[SourceTitle "EXT 2024"]
[Source "ChessBase"]
[SourceDate "2023.10.10"]
[SourceVersion "1"]
[SourceVersionDate "2023.10.10"]
[SourceQuality "1"]

1. d4 Nf6 2. c4 e6 3. Nc3 Bb4 4. Qc2 0-0 5. a3 Bxc3+ 6. Qxc3 Qe8 7. e3 d6 8. Nf3 Nbd7 9. Be2 b6 10. b4 Bb7 11. 0-0 Ne4 12. Qc2 f5 13. Ne1 c5 1/2-1/2

[Event "FRA-ch Accession"]
[Site "Nancy"]
[Date "2013.08.22"]
[Round "10"]
[White "Lagarde, Maxime"]
[Black "Marzolo, Cyril"]
[Result "1-0"]
[WhiteElo "2526"]
[BlackElo "2449"]
[PlyCount "25"]
[EventDate "2013.08.11"]
[EventType "swiss"]
[EventRounds "11"]
[EventCountry "FRA"]
[SourceTitle "CBM 156 Extra"]
[Source "ChessBase"]
[SourceDate "2013.10.22"]
[SourceVersion "1"]
[SourceVersionDate "2013.10.22"]
[SourceQuality "1"]

1. e4 e6 2. Qe2 Be7 3. Nf3 d5 4. d3 Nf6 5. g3 b5 6. Bg2 b4 7. e5 Nfd7 8. 0-0 c5 9. h4 Nc6 10. Bf4 a5 11. a4 Ba6 12. c4 bxc3 13. bxc3 1-0

[Event "FRA-ch Accession"]
[Site "Nancy"]
[Date "2013.08.13"]
[Round "2"]
[White "Marzolo, Cyril"]
[Black "Claverie, Christophe"]
[Result "1-0"]
[WhiteElo "2449"]
[BlackElo "2323"]
[PlyCount "33"]
[EventDate "2013.08.11"]
[EventType "swiss"]
[EventRounds "11"]
[EventCountry "FRA"]
[SourceTitle "CBM 156 Extra"]
[Source "ChessBase"]
[SourceDate "2013.10.22"]
[SourceVersion "1"]
[SourceVersionDate "2013.10.22"]
[SourceQuality "1"]

1. d4 Nf6 2. c4 e6 3. Nf3 b6 4. a3 Bb7 5. Nc3 d5 6. Bg5 Be7 7. Qa4+ c6 8. cxd5 exd5 9. e3 0-0 10. Be2 Nbd7 11. 0-0 a6 12. Rfd1 Re8 13. Rac1 Rc8 14. h3 c5 15. Ne5 b5 16. Qb3 c4 17. Qc2 1-0

[Event "FRA-chT Top 12"]
[Site "Belfort"]
[Date "2012.06.10"]
[Round "11.7"]
[White "Flom, Gabriel"]
[Black "Marzolo, Cyril"]
[Result "1-0"]
[WhiteElo "2412"]
[BlackElo "2450"]
[PlyCount "43"]
[EventDate "2012.05.31"]
[EventType "team-tourn"]
[EventRounds "11"]
[EventCountry "FRA"]
[SourceTitle "CBM 148 Extra"]
[Source "ChessBase"]
[SourceDate "2012.06.22"]
[SourceVersion "1"]
[SourceVersionDate "2012.06.22"]
[SourceQuality "1"]
[WhiteTeam "Deauville"]
[BlackTeam "Marseille Echecs"]
[WhiteTeamCountry "FRA"]
[BlackTeamCountry "FRA"]

1. e4 c5 2. d4 cxd4 3. c3 dxc3 4. Nxc3 Nc6 5. Nf3 e6 6. Bc4 Qc7 7. 0-0 Nf6 8. Bg5 a6 9. Bb3 Bd6 10. Rc1 Ng4 11. h3 h6 12. Bd2 Nf6 13. Re1 Qb8 14. Qe2 Nh7 15. Nd5 b5 16. e5 Bf8 17. Qe4 a5 18. Nd4 a4 19. Nxc6 dxc6 20. Rxc6 Bd7 21. Nc7+ Kd8 22. Rb6 1-0

[Event "FRA-chT Top 12"]
[Site "Belfort"]
[Date "2012.06.05"]
[Round "6.7"]
[White "Marzolo, Cyril"]
[Black "Pucher, Sebastien"]
[Result "1-0"]
[WhiteElo "2450"]
[BlackElo "2222"]
[PlyCount "59"]
[EventDate "2012.05.31"]
[EventType "team-tourn"]
[EventRounds "11"]
[EventCountry "FRA"]
[SourceTitle "CBM 148 Extra"]
[Source "ChessBase"]
[SourceDate "2012.06.22"]
[SourceVersion "1"]
[SourceVersionDate "2012.06.22"]
[SourceQuality "1"]
[WhiteTeam "Marseille Echecs"]
[BlackTeam "Metz Fischer"]
[WhiteTeamCountry "FRA"]
[BlackTeamCountry "FRA"]

1. d4 d5 2. Nf3 Nf6 3. c4 c6 4. Nbd2 Bf5 5. Nh4 Bg6 6. Qb3 Qb6 7. Qh3 Na6 8. Nxg6 fxg6 9. c5 Qd8 10. a3 e5 11. dxe5 Nd7 12. b4 Nxe5 13. Bb2 Nd7 14. e4 Nc7 15. 0-0-0 Qg5 16. Kb1 0-0-0 17. g3 Kb8 18. Bg2 Nf6 19. Nf3 Qg4 20. Ne5 Qxh3 21. Bxh3 Re8 22. Nf7 Rg8 23. Nd6 Bxd6 24. cxd6 Nb5 25. f3 Nxd6 26. e5 Nfe4 27. fxe4 Nxe4 28. Rhf1 Ref8 29. Rxf8+ Rxf8 30. Bg2 1-0

[Event "BEL-chT 1112"]
[Site "Belgium"]
[Date "2012.01.29"]
[Round "7.2"]
[White "Ghysels, Chris"]
[Black "Marzolo, Cyril"]
[Result "0-1"]
[WhiteElo "2149"]
[BlackElo "2441"]
[PlyCount "78"]
[EventDate "2011.10.09"]
[EventType "team-tourn"]
[EventRounds "11"]
[EventCountry "BEL"]
[SourceTitle "EXT 2013"]
[Source "ChessBase"]
[SourceDate "2012.11.22"]
[SourceVersion "1"]
[SourceVersionDate "2012.11.22"]
[SourceQuality "1"]
[WhiteTeam "Jean Jaures"]
[BlackTeam "Fontaine"]
[WhiteTeamCountry "BEL"]
[BlackTeamCountry "BEL"]

1. e4 e6 2. Nc3 d5 3. Nf3 Nf6 4. e5 Nfd7 5. d4 c5 6. Bb5 Nc6 7. 0-0 cxd4 8. Nxd4 Nxd4 9. Qxd4 a6 10. Bxd7+ Bxd7 11. Qg4 Rc8 12. Rd1 Qb6 13. a3 Rc4 14. Qg3 h5 15. h3 h4 16. Qd3 Qc7 17. f4 Be7 18. Kh1 0-0 19. Be3 Rc8 20. Bd4 Qc6 21. Qf3 g6 22. Qf2 b5 23. Qe1 a5 24. Kh2 Qb7 25. Ra2 Qb8 26. b3 R4c6 27. Nb1 Rxc2 28. Rxc2 Rxc2 29. Qxa5 Qc8 30. Nc3 b4 31. axb4 Rxc3 32. Bxc3 Qxc3 33. Qa7 Qxb3 34. Qxd7 Bxb4 35. Ra1 Qg3+ 36. Kh1 Bd2 37. Qd8+ Kh7 38. Qf6 Qxf4 39. Qe7 Bc3 0-1

[Event "BEL-chT 1011"]
[Site "Belgium"]
[Date "2010.12.05"]
[Round "5.2"]
[White "Mullon, Jean Baptiste"]
[Black "Marzolo, Cyril"]
[Result "1/2-1/2"]
[WhiteElo "2442"]
[BlackElo "2446"]
[PlyCount "43"]
[EventDate "2010.09.26"]
[EventType "team-tourn"]
[EventRounds "11"]
[EventCountry "BEL"]
[SourceTitle "EXT 2012"]
[Source "ChessBase"]
[SourceDate "2011.11.24"]
[SourceVersion "1"]
[SourceVersionDate "2011.11.24"]
[SourceQuality "1"]
[WhiteTeam "Charleroi CREC"]
[BlackTeam "Fontaine"]
[WhiteTeamCountry "BEL"]
[BlackTeamCountry "BEL"]

1. e4 e5 2. Nf3 Nc6 3. Bb5 f5 4. Nc3 fxe4 5. Nxe4 Nf6 6. Nxf6+ Qxf6 7. Qe2 Be7 8. Bxc6 dxc6 9. Qxe5 Bg4 10. Qxf6 Bxf6 11. d3 0-0-0 12. Rb1 c5 13. Be3 c4 14. Ke2 cxd3+ 15. cxd3 Rd5 16. h3 Bxf3+ 17. Kxf3 Rxd3 18. b3 Rhd8 19. Ke2 b6 20. g4 R3d5 21. Rbc1 Bd4 22. Rc2 1/2-1/2

[Event "BEL-chT 1011"]
[Site "Belgium"]
[Date "2010.09.26"]
[Round "1.1"]
[White "Marzolo, Cyril"]
[Black "Van der Stricht, Geert"]
[Result "1/2-1/2"]
[WhiteElo "2446"]
[BlackElo "2440"]
[PlyCount "87"]
[EventDate "2010.09.26"]
[EventType "team-tourn"]
[EventRounds "11"]
[EventCountry "BEL"]
[SourceTitle "EXT 2012"]
[Source "ChessBase"]
[SourceDate "2011.11.24"]
[SourceVersion "1"]
[SourceVersionDate "2011.11.24"]
[SourceQuality "1"]
[WhiteTeam "Fontaine"]
[BlackTeam "KGSRL"]
[WhiteTeamCountry "BEL"]
[BlackTeamCountry "BEL"]

1. c4 c6 2. e4 d5 3. exd5 cxd5 4. d4 Nf6 5. Nc3 e6 6. Nf3 Bb4 7. Bd3 dxc4 8. Bxc4 0-0 9. 0-0 b6 10. Bg5 Bb7 11. Re1 Nbd7 12. Rc1 Rc8 13. Qb3 Bxc3 14. Rxc3 h6 15. Bh4 Qe8 16. Nd2 Nd5 17. Rcc1 N7f6 18. f3 Qd7 19. Ne4 g5 20. Bf2 Kg7 21. Rcd1 Nh5 22. Bf1 Nhf4 23. Nc3 Rfd8 24. Ne4 Bc6 25. Rd2 Ba4 26. Qa3 Bb5 27. Bxb5 Qxb5 28. Nd6 Rxd6 29. Qxd6 Qa5 30. Red1 Rc1 31. Qe5+ Kh7 32. Qe1 Rxd1 33. Rxd1 Qxa2 34. Rd2 Qc4 35. h4 Kg7 36. Kh2 a5 37. Qe5+ f6 38. Qe1 Kf7 39. Qb1 f5 40. Qd1 Nb4 41. hxg5 hxg5 42. Be3 Qc7 43. Bxf4 Qxf4+ 44. g3 1/2-1/2

[Event "FRA-chT Top 16 Gp Haute"]
[Site "Guingamp"]
[Date "2010.06.04"]
[Round "9.7"]
[White "Lagarde, Maxime"]
[Black "Marzolo, Cyril"]
[Result "1-0"]
[WhiteElo "2387"]
[BlackElo "2452"]
[PlyCount "57"]
[EventDate "2010.06.03"]
[EventType "team-tourn"]
[EventRounds "11"]
[EventCountry "FRA"]
[SourceTitle "EXT 2011"]
[Source "ChessBase"]
[SourceDate "2010.11.26"]
[SourceVersion "1"]
[SourceVersionDate "2010.11.26"]
[SourceQuality "1"]
[WhiteTeam "Clichy"]
[BlackTeam "Marseille Echecs"]
[WhiteTeamCountry "FRA"]
[BlackTeamCountry "FRA"]

1. e4 e6 2. d4 d5 3. Nc3 Nf6 4. e5 Nfd7 5. f4 a6 6. Nf3 c5 7. Ne2 Nb6 8. dxc5 Bxc5 9. Ned4 Bd7 10. Bd3 Nc6 11. c3 Rc8 12. 0-0 g6 13. Kh1 h5 14. b3 Rc7 15. Be3 Ne7 16. a4 Nf5 17. Bxf5 gxf5 18. Nxf5 Bxe3 19. Nxe3 Rxc3 20. Qd4 Rxb3 21. Nd2 Rxe3 22. Qxe3 Bxa4 23. f5 Bc2 24. fxe6 fxe6 25. Rf6 Bf5 26. Qg5 Kd7 27. Rc1 Qe8 28. Rxf5 exf5 29. Qg7+ 1-0

[Event "Metz op 28th"]
[Site "Metz"]
[Date "2010.04.13"]
[Round "5"]
[White "Corrales Jimenez, Fidel"]
[Black "Marzolo, Cyril"]
[Result "1-0"]
[WhiteElo "2585"]
[BlackElo "2470"]
[PlyCount "85"]
[EventDate "2010.04.10"]
[EventType "swiss"]
[EventRounds "9"]
[EventCountry "FRA"]
[SourceTitle "CBM 136 Extra"]
[Source "ChessBase"]
[SourceDate "2010.07.02"]
[SourceVersion "2"]
[SourceVersionDate "2010.07.15"]
[SourceQuality "1"]

1. e4 e5 2. Nf3 Nc6 3. Bb5 f5 4. Nc3 fxe4 5. Nxe4 Nf6 6. Nxf6+ Qxf6 7. Qe2 Be7 8. Bxc6 dxc6 9. Qxe5 Bg4 10. Qxf6 Bxf6 11. d3 Bxf3 12. gxf3 0-0 13. Rb1 Rf7 14. Ke2 Raf8 15. h4 Bd4 16. c3 Bb6 17. Rh3 Re8+ 18. Be3 Rfe7 19. f4 Bc5 20. h5 Rf7 21. Kf3 Bd6 22. Rg1 Re5 23. Rg4 h6 24. b4 b6 25. Rg6 Kh7 26. Rh4 Ref5 27. Ke4 a5 28. a3 axb4 29. axb4 c5 30. b5 Be7 31. Rh3 Bd6 32. Re6 Rf8 33. Rh4 Kg8 34. Re5 R5f7 35. Rg4 Kh7 36. Re6 Rf5 37. Reg6 R5f7 38. c4 Re8+ 39. Kd5 Bf8 40. Kc6 Rd8 41. f5 Rxd3 42. Bf4 Rd8 43. Be5 1-0

[Event "Metz op 28th"]
[Site "Metz"]
[Date "2010.04.12"]
[Round "9"]
[White "Brunner, Nicolas"]
[Black "Marzolo, Cyril"]
[Result "1-0"]
[WhiteElo "2420"]
[BlackElo "2470"]
[PlyCount "75"]
[EventDate "2010.04.10"]
[EventType "swiss"]
[EventRounds "9"]
[EventCountry "FRA"]
[SourceTitle "CBM 136 Extra"]
[Source "ChessBase"]
[SourceDate "2010.07.02"]
[SourceVersion "2"]
[SourceVersionDate "2010.07.15"]
[SourceQuality "1"]

1. d4 Nf6 2. c4 g6 3. Nc3 d5 4. cxd5 Nxd5 5. e4 Nxc3 6. bxc3 Bg7 7. Be3 c5 8. Qd2 Qa5 9. Nf3 Nc6 10. Rb1 a6 11. Rc1 cxd4 12. cxd4 Qxd2+ 13. Kxd2 0-0 14. d5 Rd8 15. Ke1 Nb4 16. Bd2 Nxd5 17. exd5 Rxd5 18. Bc4 Rh5 19. Ke2 Bd7 20. h3 e6 21. g4 Rc5 22. Bd3 Rd5 23. Bc3 Rd8 24. Bxg7 Kxg7 25. Bc4 Rc5 26. Rhd1 b5 27. Bb3 Rxc1 28. Rxc1 Rc8 29. Rxc8 Bxc8 30. Ke3 h6 31. h4 Bb7 32. Kf4 Kf6 33. g5+ hxg5+ 34. hxg5+ Ke7 35. Ne5 a5 36. a3 Ba8 37. Ke3 Bb7 38. Kd4 1-0

[Event "Metz op 28th"]
[Site "Metz"]
[Date "2010.04.12"]
[Round "2"]
[White "Marzolo, Cyril"]
[Black "Feller, Sebastien"]
[Result "1/2-1/2"]
[WhiteElo "2490"]
[BlackElo "2576"]
[PlyCount "58"]
[EventDate "2010.04.10"]
[EventType "swiss"]
[EventRounds "9"]
[EventCountry "FRA"]
[SourceTitle "CBM 136 Extra"]
[Source "ChessBase"]
[SourceDate "2010.07.02"]
[SourceVersion "2"]
[SourceVersionDate "2010.07.15"]
[SourceQuality "1"]

1. d4 Nf6 2. c4 e6 3. Nf3 d5 4. Nc3 dxc4 5. e4 Bb4 6. Bg5 c5 7. Bxc4 cxd4 8. Nxd4 Qa5 9. Bxf6 Bxc3+ 10. bxc3 Qxc3+ 11. Kf1 gxf6 12. Bb5+ Ke7 13. Rc1 Qa5 14. e5 fxe5 15. Qh5 Nd7 16. Qg5+ Kf8 17. Qh6+ Ke7 18. Qg5+ Kf8 19. Rxc8+ Rxc8 20. Bxd7 Qd8 21. Nxe6+ fxe6 22. Qh6+ Ke7 23. Qxe6+ Kf8 24. Qh6+ Kf7 25. Qe6+ Kf8 26. Qh6+ Kf7 27. Qe6+ Kf8 28. Qf5+ Ke7 29. Qe6+ Kf8 1/2-1/2

[Event "Metz op 28th"]
[Site "Metz"]
[Date "2010.04.11"]
[Round "1"]
[White "Uhoda, Philippe"]
[Black "Marzolo, Cyril"]
[Result "0-1"]
[WhiteElo "2118"]
[BlackElo "2470"]
[PlyCount "72"]
[EventDate "2010.04.10"]
[EventType "swiss"]
[EventRounds "9"]
[EventCountry "FRA"]
[SourceTitle "CBM 136 Extra"]
[Source "ChessBase"]
[SourceDate "2010.07.02"]
[SourceVersion "2"]
[SourceVersionDate "2010.07.15"]
[SourceQuality "1"]

1. d4 Nf6 2. c4 c5 3. d5 e6 4. Nc3 exd5 5. cxd5 d6 6. e4 g6 7. f4 Bg7 8. Bb5+ Nfd7 9. a4 0-0 10. Nf3 Na6 11. 0-0 Nb4 12. Re1 a6 13. Bf1 Re8 14. h3 f5 15. Bd2 h6 16. Qb3 Kh7 17. exf5 gxf5 18. Rxe8 Qxe8 19. Re1 Qf7 20. Na2 Nxa2 21. Qxa2 Nf6 22. Bc4 Bd7 23. a5 Ne4 24. Bc1 Re8 25. Qb3 Re7 26. Qc2 Bf6 27. Nd2 Bd4+ 28. Kh2 Bf2 29. Rxe4 fxe4 30. Nxe4 Bf5 31. Bd3 Bxe4 32. Bxe4+ Kg8 33. Bf3 Be3 34. Bxe3 Rxe3 35. f5 Qf6 36. Qf2 Rb3 0-1

[Event "FRA-chT Top 16 GpA"]
[Site "France"]
[Date "2010.03.27"]
[Round "2"]
[White "Marzolo, Cyril"]
[Black "Clery, Nicolas"]
[Result "1-0"]
[WhiteElo "2470"]
[BlackElo "2391"]
[PlyCount "134"]
[EventDate "2010.03.26"]
[EventType "team-tourn"]
[EventRounds "7"]
[EventCountry "FRA"]
[SourceTitle "CBM 135 Extra"]
[Source "ChessBase"]
[SourceDate "2010.05.04"]
[SourceVersion "1"]
[SourceVersionDate "2010.05.04"]
[SourceQuality "1"]

1. d4 d5 2. c4 e6 3. Nc3 Be7 4. Bf4 Nf6 5. e3 0-0 6. Nf3 Nbd7 7. c5 c6 8. Bd3 b6 9. b4 a5 10. a3 Bb7 11. 0-0 Qc8 12. Qb1 Ba6 13. Bxa6 Rxa6 14. h3 Ra7 15. Rc1 Qb7 16. Rc2 Rfa8 17. Rca2 Ne8 18. e4 dxe4 19. Nxe4 Nef6 20. Nc3 h6 21. Nd2 Nd5 22. Nxd5 exd5 23. Nb3 a4 24. Nd2 Bf6 25. Nf3 Nf8 26. cxb6 Qxb6 27. Qd3 Ne6 28. Be3 Rc7 29. Rc1 Rac8 30. Rac2 Qb5 31. Qf5 Be7 32. Rc3 Bd6 33. Nd2 Qb6 34. Nf3 Qb5 35. g3 Qa6 36. Qc2 Qb5 37. Nh4 Bf8 38. Kg2 Qa6 39. Nf3 Bd6 40. h4 h5 41. Ne1 Be7 42. Nd3 Qa8 43. Nf4 Bf6 44. Nxe6 fxe6 45. f4 Kf7 46. Kh2 Qa6 47. Rc5 Bd8 48. Ra5 Qb7 49. Qh7 c5 50. Qxh5+ Kf8 51. Raxc5 Rxc5 52. dxc5 Bf6 53. Qe2 d4 54. Bf2 Qd5 55. Rd1 Re8 56. Rd3 e5 57. fxe5 Rxe5 58. Qf3 Qa2 59. Rxd4 Re2 60. Rf4 Kg8 61. Kh3 Rc2 62. Rf5 Qe6 63. Qg4 Qc6 64. Kh2 Qe6 65. Qf3 Kf8 66. Kg2 Rc3 67. Qxc3 Qxf5 1-0

[Event "Marseille op 2nd "]
[Site "Marseille"]
[Date "2009.12.29"]
[Round "7"]
[White "Marzolo, Cyril"]
[Black "Fayette, Sylvain"]
[Result "1-0"]
[WhiteElo "2465"]
[BlackElo "1996"]
[PlyCount "25"]
[EventDate "2009.12.26"]
[EventType "swiss"]
[EventRounds "9"]
[EventCountry "FRA"]
[SourceTitle "CBM 134 Extra"]
[Source "ChessBase"]
[SourceDate "2010.03.03"]
[SourceVersion "1"]
[SourceVersionDate "2010.03.03"]
[SourceQuality "1"]

1. d4 Nf6 2. c4 e6 3. Nf3 b6 4. g3 Bb7 5. Bg2 Bb4+ 6. Bd2 Bxd2+ 7. Qxd2 0-0 8. 0-0 d6 9. Qc2 Nbd7 10. Nc3 Qe7 11. e4 Rfc8 12. e5 Ne8 13. Ng5 1-0